| 000 | 01260cam a22001814a 4500 | ||
|---|---|---|---|
| 005 | 20250605164343.0 | ||
| 008 | 250528s ||||||||||||||||||||||||d | ||
| 035 | _a23738 | ||
| 040 |
_aGR-AtMCL _bgre _dGR-AtMCL _eAACR2 |
||
| 245 | 1 | _aMarketing Plan/Οικονομική Ανάπτυξη Εταιρίας Παραγωγής Dressings | |
| 260 | _c2013 | ||
| 300 | _a24 | ||
| 520 | _aΕισαγωγή, Αποστολή και Κουλτούρα της Επιχείρησης, Κατάσταση Αγοράς, Συμπεριφορά Αγοράς, Τάσεις Αγοραστικής Συμπεριφοράς, Θέση του Προϊόντος, Τιμολογιακή Πολιτική, Θέση του Ανταγωνισμού, Ερωτηματολόγιο, Δυναμείς και Αδυναμίες των Ανταγωνιστών, SWOT Analysis, Στρατηγική Marketing, Στρατηιγικές Πιθανοτήτων Ανάπτυξης, Τμηματοποίηση και Αγορά Στόχος, Μίγμα Marketing, Πρόγραμμα Δράσης, Πρόϋπολογισμος, Επίλογος, Βιβλιογραφία, Βίβλια. | ||
| 700 | 1 |
_aΛάλας Στέφανος _99284 |
|
| 942 | _cDS | ||
| 999 |
_c8687 _d8687 |
||